000
00296nam a2200121Ia 4500
008
190216s9999||||xx |||||||||||||| ||und||
100
_a
Manahar Lotia
245
0
_a
Modern Mobile Phone Introduction And Servicing
260
_b
Bpb Pub
_c
2000
300
_a
169 p
650
_a
Physics
942
_c
BK
999
_c
33792
_d
33792